Sports Quiz

Random Sports or Basketball Quiz

NBA Coach of the Year Quiz Stats

 Plays Quiz Updated Jun 26, 2019

Score 0/57 Timer 07:00
2 Plays Today
Year Coach % Correct
1995-96Phil Jackson
93.3%
2015-16Steve Kerr
90.5%
2011-12Gregg Popovich
87.4%
2013-14 Gregg Popovich
86.9%
2008-09Mike Brown
83.2%
2000-01Larry Brown
82.6%
1977-78Hubie Brown
81.6%
2003-04Hubie Brown
81.6%
2002-03Gregg Popovich
78%
1989-90Pat Riley
76.3%
1992-93Pat Riley
76.3%
1996-97Pat Riley
76.3%
2016-17Mike D'Antoni
71.7%
2017-18Dwane Casey
67.6%
2005-06Avery Johnson
66.8%
2018-19Mike Budenholzer
65.6%
1974-75Phil Johnson
64.7%
2004-05Mike D'Antoni
64%
2012-13George Karl
62.2%
1964-65Red Auerbach
58.7%
2007-08Byron Scott
56.4%
1973-74Ray Scott
54.6%
1997-98Larry Bird
51.2%
2014-15Mike Budenholzer
47%
1982-83Don Nelson
46.8%
1984-85Don Nelson
46.8%
1991-92Don Nelson
46.8%
2001-02Rick Carlisle
43.8%
1993-94Lenny Wilkens
38.2%
Year Coach % Correct
1999-00Doc Rivers
35.8%
2009-10Scott Brooks
32.1%
2006-07Sam Mitchell
29%
2010-11Tom Thibodeau
23%
1966-67Johnny Kerr
21.9%
1998-99Mike Dunleavy
20%
1994-95Del Harris
18.9%
1985-86Mike Fratello
15.6%
1975-76Bill Fitch
15.6%
1979-80Bill Fitch
15.6%
1978-79Cotton Fitzsimmons
14.2%
1988-89Cotton Fitzsimmons
14.2%
1969-70Red Holzman
14%
1972-73Tom Heinsohn
13.1%
1987-88Doug Moe
11.4%
1971-72Bill Sharman
9.8%
1970-71Dick Motta
9%
1983-84Frank Layden
9%
1968-69Gene Shue
5.9%
1981-82Gene Shue
5.9%
1990-91Don Chaney
5.6%
1963-64Alex Hannum
5.1%
1965-66Dolph Schayes
3.4%
1986-87Mike Schuler
2.5%
1967-68Richie Guerin
2.5%
1962–63Harry Gallatin
2%
1980-81Jack McKinney
2%
1976-77Tom Nissalke
1.9%

You're not logged in!

Compare scores with friends on all Sporcle quizzes.
OR
Log In

Sporcle TV

Today on Sporcle TV


Watch our educational content, quiz creation guides, and fun videos on Sporcle TV.

Show Comments

Extras

Top Quizzes Today


Score Distribution

Your Account Isn't Verified!

In order to create a playlist on Sporcle, you need to verify the email address you used during registration. Go to your Sporcle Settings to finish the process.

Report this User

Report this user for behavior that violates our Community Guidelines.

Details: